000 00715nam a2200253Ia 4500
003 OSt
005 20221005045553.0
006 a|||||r|||| 00| 0
007 ta
008 221004b |||||||| |||| 00| 0 ben d
020 _cIndian Rupees 250
024 _a33808
037 _bGift, 28/09/2017,
_cTextual
040 _aCRL
_cCRL
_bben
041 _2ben
_aben
082 _aNQ4475, 157Q2
100 _aGupta Anupam Au.
_9593744
245 0 _aPrasanga chitrakala o Rabindranath
260 _aKolkata
_bDasdishi India
_c2012
300 _a164p.
_ccm.
650 _aPAINTING
_934359
942 _hNQ4475, 157Q2
_cTEXL
_2cc
999 _c955246
_d955246